000 01025nam a2200313 i 4500
001 000037910
003 DO-SdBNP
005 20251014144344.0
007 ta
008 130308s2012 dr ac 000 0 spa d
020 _a9789945074574
040 _aDO-SdBNP
_bspa
_cBNPHU
_erda
041 _aspa
082 4 _axxx
_bM553h
_222
100 1 _aMercader, José,
_eautor
_4aut.
_956560
245 1 0 _aHistoria de la caricatura dominicana /
_cJosé Mercader ; presentación, Ramón Paniagua.
264 4 _aSanto Domingo :
_bArchivo General de la Nación,
_c©2012.
300 _avolumen :
_bilustraciones, retratos ;
_c25 cm.
336 _atexto
_btxt
_2rdacontent
337 _asin mediación
_bn
_2rdamedia
338 _avolumen
_bnc
_2rdacarrier
490 1 _aArchivo General de la Nación
_v163
500 _aLa biblioteca posee el v. 1
590 _aInventariado, 2024/BT
700 1 _aPaniagua, Ramón,
_epresentación
_963851
830 4 _aArchivo General de la Nación
_n163
_988698
910 _aBT
942 _2ddc
_cLBS1
999 _c37400
_d37400